00506 a2200145 4500001000700000040003200007100001600039245002400055260001600079300002500095362000900120520018900129650001800318650002400336120510 cEscola Canadense de Niteroi aRocha, Ruth10aO Reizinho Mandão aSão Paulo bil.c6 x 18 x 0.4 cm0 a1981 aA morte de um rei sábio e justo leva ao trono seu filho mimado e mandão. Além de criar leis absurdas, seu autoritarismo faz o povo literalmente perder a voz. Até que um dia...  4aComportamento 4aLiteratura Infantil